Jesu Christi Domini nostri Novum Testamentum : ex interpretatione Theodori Bezae impressa Cantabrigiae A.D. 1642 in officina Rogeri Danielis.
Αποθηκεύτηκε σε:
| Άλλοι συγγραφείς: | |
|---|---|
| Μορφή: | Βιβλίο |
| Γλώσσα: | Latin |
| Δημοσίευση: |
Berolini :
Sumptibus Societatis Bibliophilorum Britannicae et externae,
1892.
|
| Θέματα: | |
| Ετικέτες: |
Προσθήκη ετικέτας
Δεν υπάρχουν, Καταχωρήστε ετικέτα πρώτοι!
|
MARC
| LEADER | 00000cam a2200000 i 4500 | ||
|---|---|---|---|
| 001 | 1/69133 | ||
| 008 | 150401s1892 gw | ||| |||| ||lat|| | ||
| 035 | |l 10121480 | ||
| 040 | |a GR-MyUA |b gre |e AACR2 | ||
| 041 | 0 | |a lat | |
| 082 | 0 | |a 226 |2 (23) | |
| 245 | 1 | 0 | |a Jesu Christi Domini nostri Novum Testamentum : |b ex interpretatione Theodori Bezae impressa Cantabrigiae A.D. 1642 in officina Rogeri Danielis. |
| 246 | 3 | 3 | |a Novum Testamentum |
| 260 | |a Berolini : |b Sumptibus Societatis Bibliophilorum Britannicae et externae, |c 1892. | ||
| 300 | |a 566 σ.; |c 14 εκ. | ||
| 501 | |a Δεμένο με: Psalmi Davidis / ex interpretatione Tremelli et Junii impressa Hanoviae A.D. 1624. Typis Wechelianis. Berolini : Sumptibus Societatiw Bibliophilorum Britaniicae et Externae, MDCCCXCII (1892). 179 σ. | ||
| 500 | |a Στο verso υπάρχει χειρόγραφη σημείωση "Τη Πορφυριάδι Σχολή, Σέργιος Γ. Βασιλειάδης". Στο recto υπάρχει σφραγίδα "Πορφυριάς Αστική Σχολή Καρλοβασίων" με αρ. 313. | ||
| 600 | 0 | 7 | |2 nlgaf |a Ιησούς Χριστός. |
| 650 | 0 | 0 | |a Bible. N.T. Gospels. |
| 700 | 1 | |4 oth |a Beze, Thodore de |d 1519-1605, |e cwt | |
| 852 | |a INST |b SAMOS |c PORFYRIADA |e 20150401 |h 226 JES |p 005300042032 |q 005300042032 |t NOLOAN |y 23 | ||
| 901 | |a BIBL3-2015-1 | ||
| 909 | |a Σ |b 192053 | ||
| 970 | |a ΣΙΤΖΙΜΗ |b ΓΙΑΣΕΜΗ |z 2015/04/01 | ||